5 Biggest Cities by Country in South America - Statistics

General Stats
  • This quiz has been taken 38 times
  • The average score is 27 of 60
Answer Stats
Country City Population % Correct
Caracas 2,087,700
100%
Peru Lima 11,166,200
100%
Rio de Janeiro 6,729,894
100%
Brazil Sao Paulo 11,895,578
100%
Colombia Bogota 7,876,000
97%
Brasilia 2,982,818
97%
Argentina Buenos Aires 3,121,707
97%
Uruguay Montevideo 1,287,452
97%
Chile Santiago 5,220,161
97%
Paraguay Asuncion 462,241
94%
Quito 1,763,275
94%
La Paz 758,845
92%
Medellin 2,553,600
92%
Cali 2,234,400
83%
Suriname Paramaribo 240,924
83%
Cordoba 1,493,668
78%
Guyana Georgetown 118,369
78%
Ecuador Guayaquil 2,650,288
75%
Fortaleza 2,574,412
72%
Rosario 1,030,069
69%
Barranquilla 1,322,900
67%
Salvador 2,568,928
67%
Venezuela Maracaibo 2,262,600
64%
Bolivia Santa Cruz 1,442,396
64%
Arequipa 1,125,400
50%
Cartagena 931,500
50%
Valencia 1,585,500
47%
Antofagasta 352,638
44%
La Plata 755,233
39%
El Alto 846,880
33%
Cochabamba 632,013
31%
Salto 114,084
28%
Trujillo 1,025,100
28%
Barquisimeto 1,089,100
22%
Ciudad del Este 325,819
22%
Chiclayo 663,200
19%
Ciudad Guayana 893,400
19%
Viña del Mar 334,248
19%
Cuenca 361,524
17%
Oruro 264,943
17%
Piura 547,100
17%
Linden 28,674
14%
Santo Domingo 334,826
14%
Lelydorp 18,663
11%
Puente Alto 568,094
11%
San Justo 1,837,168
11%
San Lorenzo 225,395
11%
Luque 259,705
8%
Maldonado 102,000
8%
Rivera 84,775
8%
San Bernardo 291,610
8%
Duran 295,211
6%
Capiata 236,999
3%
Ciudad de la Costa 113,252
3%
De Nieuwe Grond 26,161
3%
Houttuin 15,656
3%
Koewarasan 27,713
3%
Paradise 16,332
3%
Golden Grove 23,129
0%
Lusignan 18,928
0%
No matching quizzes found
Score Distribution
Percent of People with Each Score
Percentile by Number Answered
Your Score History
You have not taken this quiz